000 00308 a2200157 4500
001 187440
020 _a85-87579-06-1
040 _cMagnum
100 _aSousa, Cruz e
240 1 0 _aBroquéis
_lpor
245 1 0 _aBroquéis
300 _a71
362 0 _a2002
697 _aLITERATURA GERAL
942 _cBK
999 _c187440
_d187440